| 000 | 00422nam a22001697a 4500 | ||
|---|---|---|---|
| 005 | 20231002145106.0 | ||
| 008 | 230905b |||||||| |||| 00| 0 eng d | ||
| 082 |
_a610.736 _bGUP-P |
||
| 100 | _aGupta,LC | ||
| 245 | _aPractical Nursing Proceducre | ||
| 260 |
_aIndia _b Jaypee Brothers Medical Publisher |
||
| 300 | _a426 | ||
| 500 | _aInclude index | ||
| 650 | _aMedical/Nursing | ||
| 700 | _aLC Gupta | ||
| 999 |
_c33443 _d33443 |
||